[Event "SLO-chT2 West"]
[Site "Kranj"]
[Date "2008.10.12"]
[Round "4.3"]
[White "Kastelec, Stefan"]
[Black "Zupancic, Urban"]
[Result "0-1"]
[WhiteElo "1962"]
[BlackElo "1880"]
[PlyCount "80"]
[EventDate "2008.10.11"]
[EventType "team-swiss"]
[EventRounds "9"]
[EventCountry "SLO"]
[SourceTitle "EXT 2010"]
[Source "ChessBase"]
[SourceDate "2010.11.25"]
[SourceVersion "1"]
[SourceVersionDate "2010.11.25"]
[SourceQuality "1"]
[WhiteTeam "Upokojenci Komandant Stane"]
[BlackTeam "Krka Novo Mesto"]
[WhiteTeamCountry "SLO"]
[BlackTeamCountry "SLO"]

1. d4 Nf6 2. Nf3 g6 3. c4 Bg7 4. Nc3 0-0 5. e3 d6 6. Be2 c5 7. 0-0 Nc6 8. b3 cxd4 9. exd4 e5 10. Bb2 Re8 11. dxe5 dxe5 12. Nb5 Bg4 13. h3 Bxf3 14. Bxf3 Qb6 15. Nc3 e4 16. Na4 Qc7 17. Be2 Rad8 18. Qc1 Nb4 19. Bc3 Nd3 20. Qe3 b5 21. Bxf6 Bxf6 22. cxb5 Bd4 23. Rac1 Qe5 24. Qh6 Nxf2 25. Rxf2 Qg3 26. Rcf1 Be3 27. Qxe3 Qxe3 28. Nb2 Qc5 29. Bc4 Re7 30. Kh1 Rf8 31. Rd2 Kg7 32. Nd1 f5 33. Rd5 Qb4 34. g3 e3 35. a3 Qxa3 36. Nc3 Qb2 37. Ne2 Qc2 38. Rf4 Rc8 39. Ng1 e2 40. Bxe2 Rxe2 0-1

[Event "SLO-chT"]
[Site "Bled"]
[Date "2005.11.11"]
[Round "6"]
[White "Kastelec, Stefan"]
[Black "Malnar, Toni"]
[Result "0-1"]
[WhiteElo "1981"]
[BlackElo "2070"]
[PlyCount "74"]
[EventDate "2005.11.03"]
[EventType "team-tourn"]
[EventRounds "9"]
[EventCountry "SLO"]
[SourceTitle "CBM 109 Extra"]
[Source "ChessBase"]
[SourceDate "2006.01.03"]
[SourceVersion "2"]
[SourceVersionDate "2006.01.03"]
[SourceQuality "1"]

1. d4 d5 2. Nf3 Nf6 3. c4 c6 4. Nc3 g6 5. Bf4 Bg7 6. e3 0-0 7. h3 Qb6 8. Qd2 Bf5 9. Be2 dxc4 10. Bxc4 Ne4 11. Nxe4 Bxe4 12. Be2 Nd7 13. 0-0 Bxf3 14. gxf3 e5 15. dxe5 Nxe5 16. Bxe5 Bxe5 17. f4 Rad8 18. Qc2 Qxb2 19. Qc4 b5 20. Qxc6 Qxe2 21. fxe5 Rfe8 22. Rad1 Rc8 23. Qd7 Qxa2 24. Rd6 Qc4 25. e6 Rxe6 26. Rd4 Qc6 27. Rfd1 Qxd7 28. Rxd7 a6 29. Ra7 Rc2 30. Rd8+ Kg7 31. Rdd7 Rf6 32. f4 Re2 33. Re7 b4 34. Kf1 Rh2 35. Reb7 Rxh3 36. Ke2 b3 37. Kf2 b2 0-1

[Event "SLO-chT"]
[Site "Bled"]
[Date "2005.11.04"]
[Round "2"]
[White "Hasanagic, Alim"]
[Black "Kastelec, Stefan"]
[Result "1/2-1/2"]
[WhiteElo "2059"]
[BlackElo "1981"]
[PlyCount "76"]
[EventDate "2005.11.03"]
[EventType "team-tourn"]
[EventRounds "9"]
[EventCountry "SLO"]
[SourceTitle "CBM 109 Extra"]
[Source "ChessBase"]
[SourceDate "2006.01.03"]
[SourceVersion "2"]
[SourceVersionDate "2006.01.03"]
[SourceQuality "1"]

1. d4 Nf6 2. c4 e6 3. Nf3 b6 4. e3 Bb7 5. Bd3 Bb4+ 6. Bd2 a5 7. 0-0 0-0 8. Nc3 Bxc3 9. Bxc3 d6 10. Qe2 Ne4 11. Rac1 Nd7 12. Rfd1 f5 13. Ne1 Qh4 14. f3 Nxc3 15. Rxc3 e5 16. Qf2 Qxf2+ 17. Kxf2 e4 18. Be2 g5 19. Nc2 Rae8 20. d5 Nc5 21. f4 gxf4 22. exf4 Re7 23. b3 Bc8 24. Re3 Bd7 25. Nd4 Rg7 26. a3 a4 27. b4 Nb7 28. Rc1 Rf6 29. g3 Re7 30. Bd1 Kg7 31. Rc2 h5 32. h4 Kg6 33. Rd2 Rf8 34. Nb5 Bxb5 35. cxb5 Ra8 36. Rc3 Nd8 37. Ke3 Nf7 38. Rdc2 Ra7 1/2-1/2